00639nam a2200241 a 4500001001300000003000900013005001700022008004100039020001000080082001300090100001600103245002100119260002800140300000800168500003500176505002800211650001900239700001600258902000800274942000700282952009300289999001500382nice12345678IN_TiNIC20260116011822.0050524s1935 egya grs 000 0 31g  ac10000a224bNIL aNile, Press aDastan-I-Yousof. aEgyptbNile Pressc1935 a26p aincludes index and biblioraphy2 aHand Written Manuscript aBible-Prophets1 aNile, Press bSRS cPS 00104070aHMIbHMId2007-06-19g100.00l0o224 NILp5033r2007-06-19w2026-01-16yARB c4189d4189